TEXT BOOK OF PREVENTIVE AND COMMUNITY DENTISTRY (Record no. 6887)

MARC details
000 -LEADER
fixed length control field 00412nam a2200145Ia 4500
008 - FIXED-LENGTH DATA ELEMENTS--GENERAL INFORMATION
fixed length control field 150301s2009 xx 000 0 und d
082 ## - DEWEY DECIMAL CLASSIFICATION NUMBER
Classification number 617.601
Item number P2009H
100 ## - MAIN ENTRY--PERSONAL NAME
Personal name HIREMATH ,S.S
245 ## - TITLE STATEMENT
Title TEXT BOOK OF PREVENTIVE AND COMMUNITY DENTISTRY
250 ## - EDITION STATEMENT
Edition statement 1ST
260 ## - PUBLICATION, DISTRIBUTION, ETC. (IMPRINT)
Name of publisher, distributor, etc. ELSEVIER PUBLICATION
Place of publication, distribution, etc. ST.LOUIS MISSOURI
Date of publication, distribution, etc. 2009
300 ## - PHYSICAL DESCRIPTION
Extent 1-528
650 ## - SUBJECT ADDED ENTRY--TOPICAL TERM
Topical term or geographic name as entry element PREVENTIVE & COMMUNITY DENTISTRY
942 ## - ADDED ENTRY ELEMENTS (KOHA)
Source of classification or shelving scheme Dewey Decimal Classification
Koha item type Books
Koha issues (borrowed), all copies 1
Holdings
Withdrawn status Lost status Source of classification or shelving scheme Damaged status Not for loan Home library Current library Date acquired Source of acquisition Cost, normal purchase price Serial Enumeration / chronology SGTU Bill Number Total Checkouts Full call number Barcode Date last seen Bill Date Koha item type Date last checked out
    Dewey Decimal Classification     SGT Dental Library SGT Dental Library 02/07/2015 ELSEVIER 725.00 1 SGTU 4213   617.601 P2009H FD7144 02/07/2015 23/01/2014 Books  
    Dewey Decimal Classification     SGT Dental Library SGT Dental Library 02/07/2015 ELSEVIER 725.00 1 SGTU 4213 1 617.601 P2009H FD7145 02/03/2023 23/01/2014 Books 25/02/2023